<?xml version="1.0" encoding="UTF-8"?>
<record
    xmlns:xsi="http://www.w3.org/2001/XMLSchema-instance"
    xsi:schemaLocation="http://www.loc.gov/MARC21/slim http://www.loc.gov/standards/marcxml/schema/MARC21slim.xsd"
    xmlns="http://www.loc.gov/MARC21/slim">

  <leader>01288nam a22002177a 4500</leader>
  <controlfield tag="008">110818t        xxu||||| |||| 00| 0 eng d</controlfield>
  <datafield tag="020" ind1=" " ind2=" ">
    <subfield code="a">0314929991 9780314929990</subfield>
  </datafield>
  <datafield tag="050" ind1=" " ind2=" ">
    <subfield code="a">BF76.5 .El6</subfield>
  </datafield>
  <datafield tag="100" ind1=" " ind2=" ">
    <subfield code="a">Elmes, David G.</subfield>
  </datafield>
  <datafield tag="245" ind1=" " ind2=" ">
    <subfield code="a">Research methods in psychology </subfield>
    <subfield code="c">David G. Elmes, Barry H. Kantowitz, Henry L. Roediger, III.</subfield>
  </datafield>
  <datafield tag="250" ind1=" " ind2=" ">
    <subfield code="a">4th ed. </subfield>
  </datafield>
  <datafield tag="260" ind1=" " ind2=" ">
    <subfield code="a">St. Paul:</subfield>
    <subfield code="b">West Publishing Company,</subfield>
    <subfield code="c">1992.</subfield>
  </datafield>
  <datafield tag="300" ind1=" " ind2=" ">
    <subfield code="a">xviii, 408 p. </subfield>
    <subfield code="b">ill. </subfield>
    <subfield code="c">26 cm.</subfield>
  </datafield>
  <datafield tag="500" ind1=" " ind2=" ">
    <subfield code="a">Includes bibliographical references (p. 375-385) and index</subfield>
  </datafield>
  <datafield tag="505" ind1=" " ind2=" ">
    <subfield code="a">Contents: Part 1: Bases of psychological research: Beginning psychological research. Explanation in scientific psychology. Observation in psychological research. Measurement in psychological research -- Experimentation in psychology -- Basics of experimentation -- Experimental design -- Complex experimentation -- Small-N experimentation Experimentation -- Part 111: Tactical aspects of research -- Guarding against threats to validity -- Chapter 11 -- Interpreting the results of research -- Conducting ethical research -- Reading and writing research reports.</subfield>
  </datafield>
  <datafield tag="650" ind1=" " ind2=" ">
    <subfield code="a"> Psychology </subfield>
    <subfield code="x">Research </subfield>
    <subfield code="x">Methodology. </subfield>
  </datafield>
  <datafield tag="650" ind1=" " ind2=" ">
    <subfield code="a">Psychology, Experimental.</subfield>
  </datafield>
  <datafield tag="700" ind1=" " ind2=" ">
    <subfield code="a">Kantowitz, Barry H</subfield>
  </datafield>
  <datafield tag="700" ind1=" " ind2=" ">
    <subfield code="a">Roediger, Henry L</subfield>
  </datafield>
  <datafield tag="942" ind1=" " ind2=" ">
    <subfield code="2">lcc</subfield>
    <subfield code="c">BK</subfield>
  </datafield>
  <datafield tag="999" ind1=" " ind2=" ">
    <subfield code="c">13</subfield>
    <subfield code="d">7513</subfield>
  </datafield>
  <datafield tag="952" ind1=" " ind2=" ">
    <subfield code="0">0</subfield>
    <subfield code="1">0</subfield>
    <subfield code="2">lcc</subfield>
    <subfield code="4">0</subfield>
    <subfield code="7">0</subfield>
    <subfield code="a">WIUC-1</subfield>
    <subfield code="b">WIUC-1</subfield>
    <subfield code="c">GEN</subfield>
    <subfield code="d">2011-08-18</subfield>
    <subfield code="l">0</subfield>
    <subfield code="o">BF76.5.El6</subfield>
    <subfield code="p">011/11</subfield>
    <subfield code="r">2011-08-18 00:00:00</subfield>
    <subfield code="w">2011-08-18</subfield>
    <subfield code="y">BK</subfield>
  </datafield>
</record>
